000 00279nam a22001337a 4500
008 171222b xxu||||| |||| 00| 0 eng d
020 _a0395488613
041 _aeng
080 _a37
100 _a46
101 _aEDU
245 _aWITH TEST ITEMS
_cORNSTEIN
942 _2udc
_cBK
999 _c39330
_d39330